| 000 | 00346nam a2200145Ia 4500 | ||
|---|---|---|---|
| 008 | 230312s9999||||xx |||||||||||||| ||und|| | ||
| 020 | _a1-85233-958-6 | ||
| 082 |
_a006.8 _bKIM-D |
||
| 100 | _aWillard;Wendy | ||
| 245 | 0 | _aHTML A Beginners Guide | |
| 260 |
_bSpringer _aUSA _c2005 |
||
| 300 | _a233 | ||
| 650 |
_aComputer _vComputer |
||
| 942 | _cBK | ||
| 999 |
_c15223 _d15223 |
||